01860cam a2200385 i 450000100090000000300050000900500170001400800410003101000170007202000430008902000260013204000280015804200080018605000210019408200210021510000390023624503780027525000170065326400730067030000610074333600260080433700280083033800270085850400530088565000370093870000420097570000320101770000390104970000350108877601780112390600450130194200120134699900190135895200970137720201982NUST20230413092411.0171213s2018 ne a b 001 0 eng  a 2017059717 a9781138068582 (hardcover : alk. paper) z9781315157771 (eBook) aDLCbengcDLCerdadDLC apcc00aTC175b.P73 201800a627.042223bKNI1 aKnight, Donald W.,eauthor.92468710aPractical channel hydraulics :broughness, conveyance and afflux /cauthors, Donald W. Knight Emeritus Professor, University of Birmingham, Birmingham, UK, Caroline Hazlewood HR Wallingford, Wallingford, UK, Rob Lamb JBA Consulting, Skipton, UK, Paul G. Samuels HR Wallingford, Wallingford, UK, Koji Shiono, Emeritus Professor, University of Loughborough, Loughborough, UK. a2nd edition. 1aLeiden, The Netherlands :bCRC Press/Taylor & Francis Group,c[2018] axxviii, 605 pages :billustrations (some color) ;c26 cm atextbtxt2rdacontent aunmediatedbn2rdamedia avolumebnc2rdacarrier aIncludes bibliographical references and indexes. 0aChannels (Hydraulic engineering)1 aHazlewood, Caroline,eauthor.91118641 aLamb, Rob,eauthor.91118651 aSamuels, Paul G.,eauthor.91118661 aShiono, Koji,eauthor.911186708iOnline version:aKnight, Donald W., author.tPractical channel hydraulicsb2nd edition.dLeiden, The Netherlands : CRC Press/Balkema, [2018]z9781315157771w(DLC) 2017059978 a7bcbccorignewd1eecipf20gy-gencatlg 2ddccBK c594491d594491 00102ddc4070aNITbNITd2023-04-13l0o627.042 KNIpNIT-13678r2023-04-13w2023-04-13yBK